00605nam a2200157 a 450000500170000000800410001702000180005805000250007610000170010124501500011826000360026830000290030460000310033365000510036465000320041520140310183624.0121023s19uu xx 00 eng d a9780670020607 aT 803.D6b.Ei54 2009 aJonnes, Jill aEiffel's tower :band the World's Fair where Buffalo Bill beguiled Paris, the artists quarreled, and Thomas Edison became a count /cJill Jonnes. aNew York, N.Y :bViking,c2009. a354 p. :bill. ;c25 cm. aEiffel, Gustave, 1832-1923 aExposition universelle de 1889 (Paris, France) aTour Eiffel (Paris, France)